000
00249nam a2200097Ia 4500
001
719478
005
20250826163043.0
008
250824s9999 xx 000 0 und d
245
0
_a
BİLLUR KALP
_c
HÜSEYİN RAHMİ GÜRPINAR
260
_b
EVEREST YAYINLARI
999
_c
719478
_d
719478